|
|
|
|
| LEADER |
00907nam a2200205 i 4500 |
| 001 |
acta66002 |
| 005 |
20240606110613.0 |
| 008 |
200108s2000 hu o 000 hun d |
| 020 |
|
|
|a 963 00 3071 3
|
| 040 |
|
|
|a SZTE Egyetemi Kiadványok Repozitórium
|b hun
|
| 041 |
|
|
|a hun
|
| 100 |
1 |
|
|a Tóth Sándor László
|
| 245 |
1 |
2 |
|a A mezőkeresztesi csata és a tizenöt éves háború
|h [elektronikus dokumentum] /
|c Tóth Sándor László
|
| 260 |
|
|
|a Belvedere Meridionale
|b Szeged
|c 2000
|
| 300 |
|
|
|a 479
|c 24 cm
|
| 561 |
|
|
|a Belvedere Meridionale kötetek
|
| 650 |
|
4 |
|a Bölcsészettudományok
|
| 650 |
|
4 |
|a Történettudomány és régészet
|
| 695 |
|
|
|a Magyarország története - 1593-1606, Erdély története - 1593-1606, Tizenöt éves háború, Hadtörténet - Magyarország - 1593-1606, Mezőkeresztes - csata - 1596
|
| 856 |
4 |
0 |
|u http://acta.bibl.u-szeged.hu/66002/1/mezokeresztesi_csata.pdf
|z Dokumentum-elérés
|